000 00481nam a22001817a 4500
003 0
005 20220114142535.0
008 0
020 _a9789712718250
040 _c0
_e0
100 _aKhan, Rachel E.
245 _aInternet 101 the new mass medium for filipinos
_cRachel E. Khan
260 _aPasig City:
_bAnvil Publishing, Inc.
_c2006
300 _a204 pages
_bBlack and White illustrations; 22cm.
504 _aBibliography:pages 200
650 _aInternet
942 _2lcc
_cR
999 _c3530
_d3530